000 00573nam a2200193Ia 4500
008 151121s9999||||xx |||||||||||||| ||und||
082 _a813/आपटे
082 _bHNW-6768
100 _aआपटे ना। ह।
245 _aआनंदमंदिर
260 _b"आपटे आणि मंडळी, पुणे।"
260 _c--
300 _a95
600 _aआपटे ना। ह।
630 _aआनंदमंदिर
700 _aआपटे ना। ह।
730 _aआनंदमंदिर
942 _cBOOK
999 _c1214016
_d1214013